Loading...
| History - American History | 0 | 6 | 1 | 0 | 55 | 16 | 45.50 | 2 | 3 |
| History - European History | 0 | 5 | 0 | 1 | 50 | 16 | 73.20 | 1 | 2 |
| Religion | 0 | 3 | 0 | 0 | 30 | 34 | 60.33 | 2 | 2 |
| Social Science | 0 | 3 | 1 | 0 | 25 | 28 | 59.67 | 0 | 2 |
| Current Events | 0 | 2 | 0 | 0 | 20 | 18 | 57.50 | 0 | 1 |
| Pop Culture | 0 | 2 | 1 | 1 | 15 | 68 | 92.50 | 0 | 0 |
| Literature - American Literature | 0 | 1 | 0 | 0 | 10 | 56 | 56.00 | 0 | 1 |
| Fine Arts - Other Fine Arts | 0 | 1 | 0 | 0 | 10 | 75 | 75.00 | 0 | 1 |
| Painting/Sculpture | 0 | 1 | 0 | 0 | 10 | 57 | 57.00 | 0 | 1 |
| Philosophy | 0 | 1 | 0 | 0 | 10 | 53 | 53.00 | 1 | 1 |
| Geography | 0 | 1 | 0 | 0 | 10 | 49 | 49.00 | 1 | 1 |
| Science - Biology | 0 | 1 | 0 | 1 | 10 | 110 | 110.00 | 0 | 0 |
| Science - Chemistry | 0 | 1 | 0 | 0 | 10 | 55 | 55.00 | 0 | 0 |
| Science - Other Science | 0 | 1 | 0 | 1 | 10 | 91 | 91.00 | 0 | 0 |
| Literature - British Literature | 0 | 1 | 1 | 0 | 5 | 40 | 40.00 | 1 | 1 |
| History - Other History | 0 | 1 | 1 | 1 | 5 | 107 | 107.00 | 0 | 0 |
| History - World History | 0 | 1 | 1 | 0 | 5 | 57 | 57.00 | 0 | 0 |
| Literature - World Literature | 0 | 0 | 1 | 0 | -5 | 0.00 | 0 | 0 | |
| Science - Physics | 0 | 0 | 1 | 0 | -5 | 0.00 | 0 | 0 | |
| Mythology | 0 | 0 | 2 | 0 | -10 | 0.00 | 0 | 0 |